Normal view
MARC view
Entry Geographic Name
001 - CONTROL NUMBER
- control field: 47829
003 - CONTROL NUMBER IDENTIFIER
- control field: ARRUPE
005 - DATE AND TIME OF LATEST TRANSACTION
- control field: 20190815115500.0
008 - FIXED-LENGTH DATA ELEMENTS
- fixed length control field: 190815|| aca||aabn | a|a d
040 ## - CATALOGING SOURCE
- Original cataloging agency: ARRUPE
- Transcribing agency: ARRUPE
151 ## - HEADING--GEOGRAPHIC NAME
- Geographic name: Zimbabwe
- General subdivision: International relations
670 ## - SOURCE DATA FOUND
- Source citation: Work cat.: (ARRUPE): Chigora, Percylage 47828, Politics in Zimbabwe in the 21st Century, 2011